Anglo-American cataloguing rules (Record no. 1701)

MARC details
000 -LEADER
fixed length control field 01666cam a2200337 a 4500
001 - CONTROL NUMBER
control field 1965078
003 - CONTROL NUMBER IDENTIFIER
control field OSt
005 - DATE AND TIME OF LATEST TRANSACTION
control field 20230620121745.0
008 - FIXED-LENGTH DATA ELEMENTS--GENERAL INFORMATION
fixed length control field 880609s1988 onc b 001 0 eng
010 ## - LIBRARY OF CONGRESS CONTROL NUMBER
LC control number 88019349
020 ## - INTERNATIONAL STANDARD BOOK NUMBER
International Standard Book Number 0838933602 (ALA : pbk. : alk. paper)
020 ## - INTERNATIONAL STANDARD BOOK NUMBER
International Standard Book Number 0838933467 (ALA : hard : alk. paper)
020 ## - INTERNATIONAL STANDARD BOOK NUMBER
Canceled/invalid ISBN 0878933610 (ALA : loose-leaf : alk. paper)
020 ## - INTERNATIONAL STANDARD BOOK NUMBER
Canceled/invalid ISBN 0838933610 (ALA : loose-leaf : alk. paper)
040 ## - CATALOGING SOURCE
Original cataloging agency DLC
Transcribing agency DLC
Modifying agency DLC
050 00 - LIBRARY OF CONGRESS CALL NUMBER
Classification number Z694.15.A56
Item number A53 1988
082 00 - DEWEY DECIMAL CLASSIFICATION NUMBER
Classification number 025.32
Edition number 19
Item number ANG
245 00 - TITLE STATEMENT
Title Anglo-American cataloguing rules
Statement of responsibility, etc. prepared under the direction of the Joint Steering Committee for Revision of AACR, a committee of the American Library Association, the Australian Committee on Cataloguing, the British Library, the Canadian Committee on Cataloguing, the Library Association, the Library of Congress ; edited by Michael Gorman and Paul W. Winkler.
250 ## - EDITION STATEMENT
Edition statement 2nd ed., 1988 revision.
260 ## - PUBLICATION, DISTRIBUTION, ETC. (IMPRINT)
Place of publication, distribution, etc. Ottawa :
Name of publisher, distributor, etc. Canadian Library Association ;
Place of publication, distribution, etc. Chicago :
Name of publisher, distributor, etc. American Library Association,
Date of publication, distribution, etc. 1988.
300 ## - PHYSICAL DESCRIPTION
Extent xxv, 677 p. ;
Dimensions 26 cm.
500 ## - GENERAL NOTE
General note First ed. published (1967) in two versions under the following titles: Anglo-American cataloging rules. North American text; Anglo-American cataloguing rules. British text.
504 ## - BIBLIOGRAPHY, ETC. NOTE
Bibliography, etc Includes bibliographical references and index.
650 #0 - SUBJECT ADDED ENTRY--TOPICAL TERM
Topical term or geographic name as entry element Descriptive cataloging
General subdivision Rules.
700 1# - ADDED ENTRY--PERSONAL NAME
Personal name Gorman, Michael,
Dates associated with a name 1941-
700 1# - ADDED ENTRY--PERSONAL NAME
Personal name Winkler, Paul W.
Fuller form of name (Paul Walter)
710 2# - ADDED ENTRY--CORPORATE NAME
Corporate name or jurisdiction name as entry element Joint Steering Committee for Revision of AACR.
710 2# - ADDED ENTRY--CORPORATE NAME
Corporate name or jurisdiction name as entry element American Library Association.
906 ## - LOCAL DATA ELEMENT F, LDF (RLIN)
a 7
b cbc
c orignew
d 1
e ocip
f 19
g y-gencatlg
942 ## - ADDED ENTRY ELEMENTS (KOHA)
Source of classification or shelving scheme Dewey Decimal Classification
Koha item type Books
Holdings
Withdrawn status Lost status Source of classification or shelving scheme Damaged status Not for loan Collection code Home library Current library Shelving location Date acquired Total Checkouts Full call number Barcode Date last seen Price effective from Koha item type
    Dewey Decimal Classification     Reference Bunge Tower Library Bunge Tower Library Reference 06/20/2023   025.32 ANG 10008158 06/20/2023 06/20/2023 Books
LIBRARY OPENING HOURS

When the Parliament is sitting: 8.00a.m - 7.00p.m or until the house adjourns
Mondays and Fridays and when the House is on Recess:  8.00a.m - 5.00p.m
Closed on Weekends and Public Holidays

Online Public Access Catalog (OPAC)
Website: http://www.parliament.go.ke
Bunge Library: https://libraryir.parliament.go.ke
Contact: library@parliament.go.ke | Tel no: (254-2)2221291 or 2848000 Ext 5043